[Event "Muensterland Verbandsliga 1314"]
[Site "Germany"]
[Date "2013.12.07"]
[Round "4.4"]
[White "Diehlmann, Christian"]
[Black "Stepa, Rainer"]
[Result "0-1"]
[WhiteElo "1901"]
[BlackElo "1770"]
[PlyCount "104"]
[EventDate "2013.09.07"]
[EventType "team-tourn"]
[EventRounds "9"]
[EventCountry "GER"]
[SourceTitle "EXT 2015"]
[Source "ChessBase"]
[SourceDate "2014.11.20"]
[SourceVersion "1"]
[SourceVersionDate "2014.11.20"]
[SourceQuality "1"]
[WhiteTeam "Ahaus Wessum"]
[BlackTeam "Ostbevern Westbevern"]
[WhiteTeamCountry "GER"]
[BlackTeamCountry "GER"]

1. d4 d5 2. c4 c6 3. Nc3 e6 4. e3 Nf6 5. Nf3 Be7 6. Bd3 0-0 7. 0-0 b6 8. b3 Bb7 9. Bb2 Nbd7 10. Re1 c5 11. cxd5 cxd4 12. Nxd4 Nxd5 13. Nxd5 Bxd5 14. Rc1 Rc8 15. Qe2 Rxc1 16. Rxc1 Nc5 17. Bb1 Qd7 18. Rd1 Qc8 19. Nf3 Be4 20. Bxe4 Nxe4 21. Rd4 Nf6 22. Qd2 h6 23. Ne5 Bc5 24. Rc4 Rd8 25. Qc2 Qb7 26. Ng4 Nxg4 27. Rxg4 Qd5 28. h3 Qd1+ 29. Qxd1 Rxd1+ 30. Kh2 Bd6+ 31. g3 e5 32. Bc3 Rc1 33. Rc4 b5 34. Rc6 Bb4 35. Rc8+ Kh7 36. Bxb4 Rxc8 37. Kg2 Kg6 38. Bd6 Kf5 39. a4 a6 40. axb5 axb5 41. f4 exf4 42. exf4 g6 43. Be5 Ke4 44. h4 Kd3 45. b4 Rc4 46. Bd6 h5 47. Kf3 f5 48. Bc5 Kc3 49. Ke3 Re4+ 50. Kf2 Rxb4 51. Bxb4+ Kxb4 52. g4 Kc3 0-1

[Event "Muensterland Verbandsliga 1213"]
[Site "Germany"]
[Date "2013.04.13"]
[Round "8.3"]
[White "Stegemann, Norbert"]
[Black "Stepa, Rainer"]
[Result "1-0"]
[WhiteElo "1977"]
[BlackElo "1834"]
[PlyCount "55"]
[EventDate "2012.09.22"]
[EventType "team-tourn"]
[EventRounds "9"]
[EventCountry "GER"]
[SourceTitle "EXT 2015"]
[Source "ChessBase"]
[SourceDate "2014.11.20"]
[SourceVersion "1"]
[SourceVersionDate "2014.11.20"]
[SourceQuality "1"]
[WhiteTeam "Duelmen"]
[BlackTeam "Ostbevern Westbevern"]
[WhiteTeamCountry "GER"]
[BlackTeamCountry "GER"]

1. c4 Nf6 2. g3 c6 3. Bg2 d5 4. Nf3 e6 5. 0-0 Be7 6. d4 0-0 7. b3 b6 8. Bb2 Bb7 9. Nbd2 c5 10. Rc1 Nbd7 11. Re1 Ne4 12. Nxe4 dxe4 13. Nd2 f5 14. f3 cxd4 15. Bxd4 Nc5 16. Be3 exf3 17. Nxf3 Bf6 18. Bd4 Bxf3 19. Bxf6 Qxf6 20. Bxf3 Rad8 21. Qc2 f4 22. Kg2 e5 23. Rf1 e4 24. Bxe4 Nxe4 25. Rxf4 Qg6 26. Qxe4 Rfe8 27. Qxg6 Rxe2+ 28. Kf3 1-0

[Event "Muensterland Verbandsliga 1112"]
[Site "Germany"]
[Date "2011.11.19"]
[Round "3.6"]
[White "Kempe, Frank"]
[Black "Stepa, Rainer"]
[Result "0-1"]
[WhiteElo "1926"]
[BlackElo "1870"]
[PlyCount "86"]
[EventDate "2011.09.24"]
[EventType "team-tourn"]
[EventRounds "9"]
[EventCountry "GER"]
[SourceTitle "EXT 2013"]
[Source "ChessBase"]
[SourceDate "2012.11.22"]
[SourceVersion "1"]
[SourceVersionDate "2012.11.22"]
[SourceQuality "1"]
[WhiteTeam "Suedlohn"]
[BlackTeam "Ostbevern Westbevern"]
[WhiteTeamCountry "GER"]
[BlackTeamCountry "GER"]

1. d4 d5 2. Nf3 Nf6 3. e3 Bf5 4. c4 c6 5. Nc3 e6 6. Be2 Be7 7. 0-0 0-0 8. b3 h6 9. Bb2 Nbd7 10. Nd2 c5 11. Bf3 cxd4 12. exd4 Nb6 13. c5 Nbd7 14. b4 e5 15. Nxd5 Nxd5 16. Bxd5 Nxc5 17. Bxf7+ Rxf7 18. dxc5 a5 19. Bxe5 axb4 20. Nb3 Qxd1 21. Rfxd1 Bc2 22. Rdc1 Bxb3 23. axb3 Rc8 24. Bd6 Bf6 25. Ra2 Rd7 26. Rc4 b6 27. Kf1 bxc5 28. Rxc5 Rcd8 29. Be5 Rd1+ 30. Ke2 Rb1 31. Bxf6 gxf6 32. Rb5 Rxb3 33. Ra4 Re8+ 34. Kd1 Rd3+ 35. Kc2 Rc3+ 36. Kd2 Rd8+ 37. Ke2 b3 38. Rb7 Re8+ 39. Kd1 Rd3+ 40. Kc1 Re1+ 41. Kb2 Re2+ 42. Kc1 Rc2+ 43. Kb1 Rd1# 0-1

[Event "Muensterland Verbandsliga 1112"]
[Site "Germany"]
[Date "2011.10.15"]
[Round "2.5"]
[White "Fischer, Andreas"]
[Black "Stepa, Rainer"]
[Result "1/2-1/2"]
[WhiteElo "1916"]
[BlackElo "1870"]
[PlyCount "95"]
[EventDate "2011.09.24"]
[EventType "team-tourn"]
[EventRounds "9"]
[EventCountry "GER"]
[SourceTitle "EXT 2013"]
[Source "ChessBase"]
[SourceDate "2012.11.22"]
[SourceVersion "1"]
[SourceVersionDate "2012.11.22"]
[SourceQuality "1"]
[WhiteTeam "Saerbeck"]
[BlackTeam "Ostbevern Westbevern"]
[WhiteTeamCountry "GER"]
[BlackTeamCountry "GER"]

1. e4 e5 2. f4 Bc5 3. Nf3 d6 4. Nc3 Nd7 5. Bc4 Ngf6 6. d3 0-0 7. Na4 Bb4+ 8. c3 Ba5 9. b4 Bb6 10. Nxb6 axb6 11. 0-0 c6 12. fxe5 dxe5 13. Bg5 b5 14. Bb3 Qc7 15. Nh4 h6 16. Be3 Nh7 17. Ng6 Ndf6 18. Nxf8 Kxf8 19. Qd2 Be6 20. Bxe6 fxe6 21. Rf3 Kg8 22. h3 Rd8 23. Qe2 Qf7 24. Raf1 Qg6 25. Bc1 Nh5 26. Qf2 Nf4 27. Bxf4 exf4 28. Qh4 Ng5 29. Kh1 Rd7 30. Qxf4 Nxf3 31. Rxf3 Qe8 32. d4 e5 33. dxe5 Re7 34. Rd3 Rxe5 35. Rd8 Qxd8 36. Qxe5 Qd2 37. Kh2 Qxa2 38. Qd4 Qe6 39. e5 Kf7 40. Kg3 Qg6+ 41. Qg4 Qc2 42. e6+ Kf6 43. Qd4+ Kxe6 44. Qxg7 Qd3+ 45. Kh4 Qe3 46. Kh5 Kd5 47. Qxh6 Qxc3 48. Qf8 1/2-1/2

[Event "Muensterland Verbandsliga 1011"]
[Site "Germany"]
[Date "2010.09.25"]
[Round "1.5"]
[White "Stepa, Rainer"]
[Black "Lipkin, Ilia"]
[Result "1-0"]
[WhiteElo "1841"]
[BlackElo "1905"]
[PlyCount "101"]
[EventDate "2010.09.25"]
[EventType "team-tourn"]
[EventRounds "9"]
[EventCountry "GER"]
[SourceTitle "EXT 2012"]
[Source "ChessBase"]
[SourceDate "2011.11.24"]
[SourceVersion "1"]
[SourceVersionDate "2011.11.24"]
[SourceQuality "1"]
[WhiteTeam "Ostbevern Westbevern"]
[BlackTeam "Nienberge"]
[WhiteTeamCountry "GER"]
[BlackTeamCountry "GER"]

1. Nf3 Nf6 2. d4 d6 3. c4 g6 4. Nc3 Bg7 5. e3 0-0 6. Bd3 Nbd7 7. 0-0 e5 8. b4 Re8 9. Qc2 c6 10. a4 Qe7 11. Be2 Nf8 12. c5 d5 13. Nxe5 Bf5 14. Qb3 Ne4 15. Nxe4 Bxe4 16. Bb2 f6 17. Nf3 g5 18. Nd2 Bg6 19. Bd3 Kh8 20. Bxg6 Nxg6 21. Qc2 Qe6 22. Rfe1 f5 23. Bc3 Bf6 24. Nf1 Nh4 25. f3 Qf7 26. Ng3 Qg6 27. e4 f4 28. Nf5 Nxf5 29. exf5 Qg7 30. Qf2 Qd7 31. Qc2 Qg7 32. Qd3 Qd7 33. g4 fxg3 34. hxg3 Kg7 35. Kg2 Rxe1 36. Rxe1 Re8 37. Rxe8 Qxe8 38. Bd2 h5 39. g4 h4 40. f4 gxf4 41. Bxf4 Qe1 42. g5 h3+ 43. Qxh3 Qe2+ 44. Kg3 Qe1+ 45. Kg4 Qd1+ 46. Qf3 Qg1+ 47. Bg3 Bxd4 48. f6+ Kf7 49. Qe2 Qe3 50. Qxe3 Bxe3 51. Kf5 1-0

[Event "Moehnesee Cup 36th"]
[Site "Moehnesee"]
[Date "2010.08.27"]
[Round "2"]
[White "Stepa, Rainer"]
[Black "Hahn, Moritz"]
[Result "1-0"]
[WhiteElo "1946"]
[BlackElo "2076"]
[PlyCount "85"]
[EventDate "2010.08.26"]
[EventType "swiss"]
[EventRounds "7"]
[EventCountry "GER"]
[SourceTitle "EXT 2011"]
[Source "ChessBase"]
[SourceDate "2010.11.26"]
[SourceVersion "1"]
[SourceVersionDate "2010.11.26"]
[SourceQuality "1"]

1. Nf3 e6 2. d4 f5 3. g4 fxg4 4. Ne5 Nf6 5. e3 c5 6. Bd3 Nc6 7. c3 d5 8. h3 g3 9. fxg3 Bd6 10. Nxc6 Bxg3+ 11. Kd2 bxc6 12. dxc5 0-0 13. Kc2 Qe7 14. b4 a5 15. Nd2 Ba6 16. Bxa6 Rxa6 17. Bb2 Qc7 18. a3 Raa8 19. Qe2 axb4 20. cxb4 Be5 21. Bd4 Rae8 22. Rhg1 Nd7 23. Qg2 Re7 24. Raf1 Rfe8 25. Bxe5 Qxe5 26. Qg3 Qxg3 27. Rxg3 e5 28. Kb3 e4 29. a4 Rb8 30. Kc3 Ne5 31. Rb1 Nd3 32. b5 Nxc5 33. bxc6 Rc8 34. Kd4 Ne6+ 35. Ke5 Nc7+ 36. Kd6 Rf7 37. Rb7 Rd8+ 38. Kc5 Rc8 39. Nb3 Rff8 40. Nd4 Rfd8 41. a5 g6 42. Rxc7 Rxc7 43. Ne6 1-0

[Event "Muensterland Verbandsliga 0910"]
[Site "Germany"]
[Date "2009.11.28"]
[Round "3.8"]
[White "Herdering, Martin"]
[Black "Stepa, Rainer"]
[Result "1/2-1/2"]
[WhiteElo "1812"]
[BlackElo "1768"]
[PlyCount "41"]
[EventDate "2009.09.26"]
[EventType "team-tourn"]
[EventRounds "9"]
[EventCountry "GER"]
[SourceTitle "EXT 2011"]
[Source "ChessBase"]
[SourceDate "2010.11.26"]
[SourceVersion "1"]
[SourceVersionDate "2010.11.26"]
[SourceQuality "1"]
[WhiteTeam "Heiden"]
[BlackTeam "Ostbevern Westbevern"]
[WhiteTeamCountry "GER"]
[BlackTeamCountry "GER"]

1. e4 e5 2. Nf3 Nc6 3. Bc4 Bc5 4. d3 Nf6 5. Bg5 d6 6. Nc3 h6 7. Bxf6 Qxf6 8. Nd5 Qd8 9. c3 a6 10. b4 Ba7 11. Ne3 Be6 12. Bxe6 fxe6 13. a4 0-0 14. 0-0 Ne7 15. d4 Ng6 16. dxe5 Bxe3 17. fxe3 Nxe5 18. Nxe5 dxe5 19. Rxf8+ Qxf8 20. Qd7 Qf7 21. Qxf7+ 1/2-1/2

[Event "Muensterland Verbandsliga 0910"]
[Site "Germany"]
[Date "2009.09.26"]
[Round "1.8"]
[White "Tenhuendfeld, Bernd"]
[Black "Stepa, Rainer"]
[Result "0-1"]
[WhiteElo "1775"]
[BlackElo "1768"]
[PlyCount "74"]
[EventDate "2009.09.26"]
[EventType "team-tourn"]
[EventRounds "9"]
[EventCountry "GER"]
[SourceTitle "EXT 2011"]
[Source "ChessBase"]
[SourceDate "2010.11.26"]
[SourceVersion "1"]
[SourceVersionDate "2010.11.26"]
[SourceQuality "1"]
[WhiteTeam "Ahaus Wessum"]
[BlackTeam "Ostbevern Westbevern"]
[WhiteTeamCountry "GER"]
[BlackTeamCountry "GER"]

1. d4 Nf6 2. Nf3 d5 3. Bf4 e6 4. e3 Bd6 5. Bxd6 cxd6 6. Nbd2 0-0 7. Be2 b5 8. 0-0 b4 9. a3 Qb6 10. Nb3 Nc6 11. Re1 Bd7 12. a4 Na5 13. Bd3 Nxb3 14. cxb3 a5 15. Qe2 Rfc8 16. Rac1 Rc7 17. Rxc7 Qxc7 18. Qc2 Qxc2 19. Bxc2 Rc8 20. Bd3 Ne4 21. Kf1 f6 22. Ke2 e5 23. Nd2 Ng5 24. Bb1 g6 25. h3 Bf5 26. Bxf5 gxf5 27. Kd1 Kf7 28. h4 Ne4 29. Nxe4 dxe4 30. dxe5 fxe5 31. Re2 d5 32. Rd2 Ke6 33. Ke2 f4 34. f3 Rg8 35. fxe4 Rxg2+ 36. Ke1 Rxd2 37. Kxd2 dxe4 0-1

[Event "Muensterland Verbandsliga 0809"]
[Site "Germany"]
[Date "2009.04.25"]
[Round "9.7"]
[White "Stepa, Rainer"]
[Black "Schlattmann, Martin"]
[Result "1-0"]
[WhiteElo "1977"]
[BlackElo "1802"]
[PlyCount "79"]
[EventDate "2008.09.20"]
[EventType "team-tourn"]
[EventRounds "9"]
[EventCountry "GER"]
[SourceTitle "EXT 2010"]
[Source "ChessBase"]
[SourceDate "2010.11.25"]
[SourceVersion "1"]
[SourceVersionDate "2010.11.25"]
[SourceQuality "1"]
[WhiteTeam "Westbevern"]
[BlackTeam "Stadtlohn"]
[WhiteTeamCountry "GER"]
[BlackTeamCountry "GER"]

1. Nf3 d5 2. d4 Nf6 3. Bf4 Nbd7 4. e3 Nh5 5. c3 Nxf4 6. exf4 g6 7. Ne5 Bg7 8. Qf3 c6 9. Bd3 f6 10. Nxd7 Bxd7 11. Nd2 0-0 12. 0-0-0 e5 13. Bc2 e4 14. Qg3 Qc7 15. Qe3 Rac8 16. f3 f5 17. Bb3 Kh8 18. h4 h5 19. Rdf1 Rfe8 20. fxe4 fxe4 21. Bd1 Rf8 22. g4 hxg4 23. h5 Bh6 24. hxg6 Kg7 25. Rxh6 Kxh6 26. f5+ Kg7 27. Bxg4 Qd6 28. f6+ Kxg6 29. Nxe4 dxe4 30. Qxe4+ Kg5 31. Qe3+ Kxg4 32. Rg1+ Kf5 33. Qg5+ Ke4 34. Re1+ Kd3 35. Qd2+ Kc4 36. Qe2+ Kd5 37. c4+ Kxd4 38. Rd1+ Kc5 39. Qe3+ Kb4 40. Rxd6 1-0

[Event "Muensterland Verbandsliga 0809"]
[Site "Germany"]
[Date "2009.01.31"]
[Round "6.8"]
[White "Stepa, Rainer"]
[Black "Hemmert, Michael"]
[Result "1-0"]
[WhiteElo "1977"]
[BlackElo "1973"]
[PlyCount "89"]
[EventDate "2008.09.20"]
[EventType "team-tourn"]
[EventRounds "9"]
[EventCountry "GER"]
[SourceTitle "EXT 2010"]
[Source "ChessBase"]
[SourceDate "2010.11.25"]
[SourceVersion "1"]
[SourceVersionDate "2010.11.25"]
[SourceQuality "1"]
[WhiteTeam "Westbevern"]
[BlackTeam "Rheine Klein Berlin"]
[WhiteTeamCountry "GER"]
[BlackTeamCountry "GER"]

1. Nf3 f5 2. d4 g6 3. h4 Nf6 4. e3 Bg7 5. Be2 d6 6. h5 Ne4 7. hxg6 hxg6 8. Rxh8+ Bxh8 9. Nh4 Kf7 10. Nd2 Bf6 11. g3 Qh8 12. Bc4+ Kg7 13. Ndf3 g5 14. Ng2 Qh1+ 15. Bf1 f4 16. exf4 Bh3 17. Ne3 gxf4 18. gxf4 Nc6 19. c3 e5 20. Ng5 Nxg5 21. fxg5 Bxg5 22. Qh5 Bxe3 23. Qxh3 Qxh3 24. Bxh3 Bxc1 25. Rxc1 exd4 26. cxd4 Re8+ 27. Kf1 Re7 28. Bg2 Nxd4 29. Bxb7 c5 30. Bg2 Re2 31. Rb1 a5 32. Bd5 Re5 33. Bg2 Kf6 34. Rd1 Kf5 35. Rd3 Kf4 36. Rh3 c4 37. Rh4+ Kf5 38. Rxd4 Rb5 39. Rd5+ Rxd5 40. Bxd5 c3 41. bxc3 Ke5 42. c4 Kd4 43. f4 a4 44. Kf2 a3 45. Kf3 1-0

[Event "Muensterland op 26th"]
[Site "Senden"]
[Date "2008.09.27"]
[Round "1"]
[White "Stepa, Rainer"]
[Black "Donchenko, Anatoly G"]
[Result "0-1"]
[WhiteElo "1972"]
[BlackElo "2399"]
[PlyCount "56"]
[EventDate "2008.09.27"]
[EventType "swiss"]
[EventRounds "9"]
[EventCountry "GER"]
[SourceTitle "EXT 2010"]
[Source "ChessBase"]
[SourceDate "2010.11.25"]
[SourceVersion "1"]
[SourceVersionDate "2010.11.25"]
[SourceQuality "1"]

1. Nf3 Nf6 2. d4 e6 3. e3 d5 4. Bd3 c5 5. c3 Nbd7 6. 0-0 Qc7 7. Nbd2 Be7 8. e4 dxe4 9. Nxe4 0-0 10. Bg5 b6 11. Qd2 Bb7 12. Bxf6 Nxf6 13. Qc2 g6 14. dxc5 bxc5 15. c4 Nh5 16. Neg5 Rad8 17. Be4 Bc8 18. Rfe1 Ng7 19. Rad1 f5 20. Bd3 e5 21. Nxh7 Kxh7 22. Nxe5 Bf6 23. f4 Rd4 24. g3 Bb7 25. Re3 Bxe5 26. fxe5 Qc6 27. Kf2 f4 28. Bxg6+ Qxg6 0-1

[Event "Muensterland Verbandsliga 0607"]
[Site "Germany"]
[Date "2006.11.25"]
[Round "3.7"]
[White "Stepa, Rainer"]
[Black "Stroessner, Lena"]
[Result "1-0"]
[WhiteElo "1965"]
[BlackElo "1670"]
[PlyCount "151"]
[EventDate "2006.09.16"]
[EventType "team"]
[EventRounds "9"]
[EventCountry "GER"]
[SourceTitle "EXT 2008"]
[Source "ChessBase"]
[SourceDate "2007.11.25"]
[SourceVersion "1"]
[SourceVersionDate "2007.11.25"]
[SourceQuality "1"]
[WhiteTeam "Westbevern"]
[BlackTeam "Olfen"]
[WhiteTeamCountry "GER"]
[BlackTeamCountry "GER"]

1. Nf3 e6 2. d4 b6 3. Bf4 Bb7 4. e3 Nf6 5. Nbd2 Be7 6. Bd3 0-0 7. h3 c5 8. c3 Nc6 9. 0-0 Rc8 10. Ne4 Nxe4 11. Bxe4 f5 12. Bc2 d5 13. Qe2 c4 14. Ne5 Nxe5 15. Bxe5 Bd6 16. Bxd6 Qxd6 17. f3 e5 18. Rae1 e4 19. f4 Bc6 20. Kh1 Bd7 21. Bd1 b5 22. Qd2 a5 23. Rg1 b4 24. g4 bxc3 25. Qxc3 Qb4 26. Qc1 Kh8 27. gxf5 Bxf5 28. Bg4 Rb8 29. Bxf5 Rxf5 30. Re2 Rf7 31. Rg5 Qb5 32. Rc2 h6 33. Rg6 Rb6 34. Qg1 Rxg6 35. Qxg6 Rf6 36. Qg4 Qb7 37. Qh4 Qd7 38. Rg2 Rb6 39. Kh2 Rb7 40. Qe1 Qa4 41. Qh4 Qd7 42. Qh5 Qf7 43. Qxf7 Rxf7 44. h4 Rb7 45. Rc2 Kg8 46. Kg3 Kf7 47. f5 a4 48. Kf4 Rb5 49. Ke5 g6 50. Rg2 gxf5 51. Kxf5 Rb6 52. Ke5 Rb5 53. h5 Ke7 54. a3 Kf7 55. Kd6 Kf8 56. Kc6 Ra5 57. Rf2+ Ke7 58. Rf5 Ra6+ 59. Kxd5 Rb6 60. Kxe4 Rxb2 61. Ra5 Rb7 62. Rxa4 Rc7 63. Rb4 Kf6 64. a4 Kg5 65. Rb5+ Kg4 66. d5 c3 67. Rb1 Kxh5 68. d6 Rc4+ 69. Ke5 Rxa4 70. d7 Ra8 71. Rc1 Rd8 72. Ke6 Kg4 73. Rxc3 h5 74. e4 h4 75. e5 h3 76. Ke7 1-0

[Event "Muenster Bezirksliga 0607"]
[Site "Germany"]
[Date "2006.10.21"]
[Round "2.10"]
[White "Ingelmann, Markus"]
[Black "Stepa, Rainer"]
[Result "0-1"]
[WhiteElo "1777"]
[BlackElo "1804"]
[PlyCount "72"]
[EventDate "2006.09.16"]
[EventType "team"]
[EventRounds "9"]
[EventCountry "GER"]
[SourceTitle "EXT 2008"]
[Source "ChessBase"]
[SourceDate "2007.11.25"]
[SourceVersion "1"]
[SourceVersionDate "2007.11.25"]
[SourceQuality "1"]
[WhiteTeam "Senden"]
[BlackTeam "Westbevern II"]
[WhiteTeamCountry "GER"]
[BlackTeamCountry "GER"]

1. d4 d5 2. c4 e6 3. Nc3 c6 4. Nf3 dxc4 5. e3 b5 6. a4 Bb4 7. Bd2 a5 8. Na2 Bxd2+ 9. Qxd2 Ba6 10. Nc1 Nf6 11. axb5 cxb5 12. Qxa5 Qxa5+ 13. Rxa5 Nc6 14. Ra1 Bb7 15. Rxa8+ Bxa8 16. Be2 0-0 17. 0-0 Na5 18. Nd2 Ne4 19. Nxe4 Bxe4 20. Na2 Nb3 21. f3 Ra8 22. Nc1 Bc2 23. Nxb3 Bxb3 24. Bd1 Bxd1 25. Rxd1 Ra2 26. Rb1 Kf8 27. Kf1 Ke7 28. Ke1 Kd6 29. Kd1 Kd5 30. Kc2 b4 31. g3 c3 32. Kd3 Rxb2 33. e4+ Kc6 34. Rxb2 cxb2 35. Kc2 Kb5 36. Kxb2 Kc4 0-1

[Event "Muensterland Verbandsklasse-B 0405"]
[Site "Muensterland"]
[Date "2005.02.12"]
[Round "6.3"]
[White "Voss, Albert"]
[Black "Stepa, Rainer"]
[Result "1-0"]
[WhiteElo "1812"]
[BlackElo "1813"]
[PlyCount "47"]
[EventDate "2004.09.11"]
[EventType "team"]
[EventRounds "9"]
[EventCountry "GER"]
[SourceTitle "EXT 2006"]
[Source "ChessBase"]
[SourceDate "2005.11.24"]
[SourceVersion "1"]
[SourceVersionDate "2005.11.24"]
[SourceQuality "1"]
[WhiteTeam "Luedinghausen"]
[BlackTeam "Westbevern II"]
[WhiteTeamCountry "GER"]
[BlackTeamCountry "GER"]

1. e4 c5 2. Nf3 g6 3. c3 d5 4. exd5 Qxd5 5. d4 Bg4 6. Be2 Nc6 7. dxc5 Rd8 8. Be3 e6 9. Qa4 Bg7 10. Qxg4 Nf6 11. Qa4 Ne4 12. 0-0 Nxc5 13. Qb5 Nd3 14. Bxd3 Qxd3 15. Qxb7 Qd6 16. Nbd2 0-0 17. Nb3 Rd7 18. Qa6 Rfd8 19. Qc4 Qc7 20. Rfe1 Qb7 21. Nc5 Qxb2 22. Nxd7 Bxc3 23. Qxc6 Bxe1 24. Rxe1 1-0

[Event "NRW Class1 0405"]
[Site "Germany"]
[Date "2005.01.30"]
[Round "6.7"]
[White "Stepa, Rainer"]
[Black "Dewenter, Ulf"]
[Result "0-1"]
[WhiteElo "1962"]
[BlackElo "2167"]
[PlyCount "44"]
[EventDate "2004.10.10"]
[EventType "team"]
[EventRounds "9"]
[EventCountry "GER"]
[SourceTitle "EXT 2006"]
[Source "ChessBase"]
[SourceDate "2005.11.24"]
[SourceVersion "1"]
[SourceVersionDate "2005.11.24"]
[SourceQuality "1"]
[WhiteTeam "Westbevern"]
[BlackTeam "Essen Borbeck"]
[WhiteTeamCountry "GER"]
[BlackTeamCountry "GER"]

1. Nf3 Nf6 2. d4 g6 3. c4 Bg7 4. Nc3 d5 5. cxd5 Nxd5 6. Nxd5 Qxd5 7. e3 0-0 8. Be2 c5 9. dxc5 Qxc5 10. 0-0 Nc6 11. Ne1 Bf5 12. Bd3 Be6 13. Qe2 Rad8 14. Qc2 Qxc2 15. Bxc2 Bc4 16. e4 Nd4 17. f3 Ne2+ 18. Kf2 Nxc1 19. Rh1 Bxb2 20. Rb1 Bd4+ 21. Kg3 Ne2+ 22. Kh3 b5 0-1

[Event "Muensterland Verbandsklasse-B 0405"]
[Site "Muensterland"]
[Date "2004.09.11"]
[Round "1.4"]
[White "Stepa, Rainer"]
[Black "Kuhlenbaeumer, Willi"]
[Result "1-0"]
[WhiteElo "1813"]
[BlackElo "2045"]
[PlyCount "91"]
[EventDate "2004.09.11"]
[EventType "team"]
[EventRounds "9"]
[EventCountry "GER"]
[SourceTitle "EXT 2006"]
[Source "ChessBase"]
[SourceDate "2005.11.24"]
[SourceVersion "1"]
[SourceVersionDate "2005.11.24"]
[SourceQuality "1"]
[WhiteTeam "Westbevern II"]
[BlackTeam "Telgte"]
[WhiteTeamCountry "GER"]
[BlackTeamCountry "GER"]

1. Nf3 Nf6 2. d4 c5 3. e3 g6 4. Be2 Bg7 5. 0-0 0-0 6. Nbd2 Qc7 7. c4 d6 8. a3 Nc6 9. d5 Ne5 10. Ne1 h5 11. f4 Neg4 12. Qb3 e5 13. h3 Nh6 14. Qc2 exf4 15. exf4 Nf5 16. Qd3 Qe7 17. Nc2 Re8 18. Re1 h4 19. Nf1 Bd7 20. Qd1 Ba4 21. Bd3 Bxc2 22. Rxe7 Bxd1 23. Rxb7 Nd4 24. Bd2 Be2 25. Bxe2 Rxe2 26. b4 Ne4 27. bxc5 dxc5 28. Rd1 a5 29. Be1 Bf6 30. Nh2 Ng3 31. Ng4 Bg7 32. Rc7 Rb8 33. d6 f5 34. d7 Rd8 35. Rc8 Ne6 36. Bxa5 fxg4 37. Bxd8 gxh3 38. Bxh4+ Kh7 39. gxh3 Nf5 40. Re8 Nfd4 41. Kf1 Re4 42. Bg5 Nc6 43. Rd6 Ncd8 44. Rdxe6 Rxe6 45. Bxd8 Rd6 46. Re7 1-0

[Event "Dortmund op-A"]
[Site "Dortmund"]
[Date "2004.07.28"]
[Round "6"]
[White "Maniocha, Marek"]
[Black "Stepa, Rainer"]
[Result "1-0"]
[WhiteElo "2057"]
[BlackElo "2004"]
[PlyCount "51"]
[EventDate "2004.07.??"]
[EventType "swiss"]
[EventRounds "9"]
[EventCountry "GER"]
[SourceTitle "EXT 2006"]
[Source "ChessBase"]
[SourceDate "2005.11.24"]
[SourceVersion "1"]
[SourceVersionDate "2005.11.24"]
[SourceQuality "1"]

1. d4 d5 2. c4 c6 3. e3 Nf6 4. Nc3 Ne4 5. Nxe4 dxe4 6. Qc2 f5 7. f3 exf3 8. Nxf3 g6 9. Bd2 Bg7 10. Bc3 0-0 11. 0-0-0 Qb6 12. c5 Qd8 13. Qb3+ e6 14. Bc4 Re8 15. h4 h6 16. Ne5 Kh7 17. Nf7 Qd7 18. Nd6 Re7 19. h5 Qd8 20. hxg6+ Kxg6 21. g4 Bf6 22. gxf5+ exf5 23. Nf7 Rxf7 24. Bxf7+ Kh7 25. Be6 Nd7 26. Bxf5+ 1-0

[Event "Dortmund op-A"]
[Site "Dortmund"]
[Date "2004.07.27"]
[Round "5"]
[White "Stepa, Rainer"]
[Black "Thesing, Irene"]
[Result "0-1"]
[WhiteElo "2004"]
[BlackElo "1721"]
[PlyCount "88"]
[EventDate "2004.07.??"]
[EventType "swiss"]
[EventRounds "9"]
[EventCountry "GER"]
[SourceTitle "EXT 2006"]
[Source "ChessBase"]
[SourceDate "2005.11.24"]
[SourceVersion "1"]
[SourceVersionDate "2005.11.24"]
[SourceQuality "1"]

1. Nf3 c5 2. c3 Nf6 3. d4 cxd4 4. cxd4 g6 5. Nc3 Bg7 6. Bf4 d6 7. e3 0-0 8. Qb3 a6 9. Be2 Nc6 10. 0-0 b5 11. a4 b4 12. d5 bxc3 13. dxc6 cxb2 14. Rab1 Nh5 15. Bg5 Qc7 16. Nd4 Rb8 17. Qc3 Nf6 18. Bxf6 Bxf6 19. Bf3 Bg7 20. Qc2 e5 21. Nb3 Be6 22. Nd2 d5 23. e4 d4 24. Rxb2 Rxb2 25. Qxb2 Qxc6 26. a5 Qc7 27. Qb6 Qxb6 28. axb6 Rb8 29. Rb1 Bf8 30. b7 a5 31. Bd1 Bb4 32. Nb3 Bc4 33. Nxa5 Bxa5 34. f4 Bd3 35. Ra1 Rxb7 36. Rxa5 Rb1 37. Rxe5 Rxd1+ 38. Kf2 Rd2+ 39. Kf3 Bf1 40. f5 Bxg2+ 41. Kf4 Kg7 42. Re8 Re2 43. h4 d3 44. h5 Rxe4+ 0-1